| 000 -LEADER |
| fixed length control field |
00751cam a2200241 i 4500 |
| 005 - DATE AND TIME OF LATEST TRANSACTION |
| control field |
20131010051507.0 |
| 008 - FIXED-LENGTH DATA ELEMENTS--GENERAL INFORMATION |
| fixed length control field |
811104c19771976nyu b 000 0 eng d |
| 020 ## - INTERNATIONAL STANDARD BOOK NUMBER |
| International Standard Book Number |
0060905875 |
| 041 0# - LANGUAGE CODE |
| Language code of text/sound track or separate title |
eng |
| 080 ## - UNIVERSAL DECIMAL CLASSIFICATION NUMBER |
| Universal Decimal Classification number |
159.9 |
| 100 1# - Rafti |
| Rafti |
Dinnerstein, Dorothy. |
| 245 14 - TITLE STATEMENT |
| Title |
The Mermaid and the Minotaur : |
| Statement of responsibility, etc |
Dorothy Dinnerstein. |
| 250 ## - |
| -- |
1st Harper colophon ed. |
| 260 ## - |
| -- |
New York : |
| -- |
Harper & Row, |
| -- |
1977, c1976. |
| 300 ## - |
| -- |
xv, 288 p. ; |
| -- |
21 cm. |
| -- |
me il. : |
| 490 1# - |
| -- |
Harper colophon books ; |
| -- |
CN587 |
| 500 ## - |
| -- |
Preface f. : VII-XV |
| 504 ## - BIBLIOGRAPHY, ETC. NOTE |
| Bibliography, etc |
Bibliography: p. 286-288. |
| 650 #0 - |
| -- |
Psikologjia |
| 650 #0 - |
| -- |
Seksi (Psikologji) |
| 830 #0 - |
| -- |
Harper colophon books ; |
| -- |
CN587. |
| 942 ## - ADDED ENTRY ELEMENTS (KOHA) |
| Source of classification or shelving scheme |
|
| Item type |
Books |